000
00281nam a22001337a 4500
008
170418b xxu||||| |||| 00| 0 eng d
020
_a
9781121187566
041
_a
eng
080
_a
579
100
_a
11
101
_a
SHM
245
_a
MICROBIOLOGY
_c
WESHOLM.D
942
_2
udc
_c
BK
999
_c
10970
_d
10970